| Tag |
First Indicator |
Second Indicator |
Subfields |
| LEADER |
00000cam a2200000M 4500 |
| 001 |
in00005528811 |
| 006 |
m o d |
| 007 |
cr |n||||||||| |
| 008 |
190103s2017 xx o 000 0 eng d |
| 005 |
20241111204829.8 |
| 035 |
|
|
|a (OCoLC)on1080588222
|
| 040 |
|
|
|a YDX
|b eng
|c YDX
|d OCLCQ
|d K6U
|d TYFRS
|d OCLCF
|d TYFRS
|d ZCU
|d OCLCO
|d OCLCQ
|d OCLCO
|
| 019 |
|
|
|a 1140432406
|
| 020 |
|
|
|a 9780429178191
|q (electronic bk.)
|
| 020 |
|
|
|a 0429178190
|q (electronic bk.)
|
| 020 |
|
|
|z 1138442577
|
| 020 |
|
|
|z 9781138442573
|
| 035 |
|
|
|a (OCoLC)1080588222
|z (OCoLC)1140432406
|
| 037 |
|
|
|a 9780429178191
|b Taylor & Francis
|
| 050 |
|
4 |
|a TA333
|
| 082 |
0 |
4 |
|a 510.2462
|2 22
|
| 049 |
|
|
|a TXAM
|
| 100 |
1 |
|
|a JEFFREY, ALAN.
|
| 245 |
1 |
0 |
|a ESSENTIALS ENGINEERING MATHEMATICS
|
| 260 |
|
|
|a [Place of publication not identified]
|b CRC Press,
|c 2017.
|
| 300 |
|
|
|a 1 online resource
|
| 336 |
|
|
|a text
|b txt
|2 rdacontent
|
| 337 |
|
|
|a computer
|b c
|2 rdamedia
|
| 338 |
|
|
|a online resource
|b cr
|2 rdacarrier
|
| 650 |
|
0 |
|a Engineering mathematics
|v Problems, exercises, etc.
|
| 650 |
|
6 |
|a Mathématiques de l'ingénieur
|v Problèmes et exercices.
|
| 650 |
|
7 |
|a Engineering mathematics
|2 fast
|
| 655 |
|
7 |
|a Electronic books.
|2 local
|
| 655 |
|
7 |
|a Problems and exercises
|2 fast
|
| 710 |
2 |
|
|a Taylor & Francis
|
| 776 |
0 |
8 |
|c Original
|z 1138442577
|z 9781138442573
|w (OCoLC)1003759158
|
| 856 |
4 |
0 |
|u http://proxy.library.tamu.edu/login?url=https://www.taylorfrancis.com/books/9780429178191
|z Connect to the full text of this electronic book
|t 0
|
| 955 |
|
|
|a Taylor and Francis MATHnetBASE
|
| 955 |
|
|
|a Taylor and Francis ENGnetBASE
|
| 994 |
|
|
|a 92
|b TXA
|
| 999 |
f |
f |
|s 294b8282-5b64-47f8-bdcf-a3b89fd35451
|i bde34d49-ca6c-44c4-965b-dfa3aff77d52
|t 0
|
| 952 |
f |
f |
|a Texas A&M University
|b College Station
|c Electronic Resources
|d Available Online
|t 0
|e TA333
|h Library of Congress classification
|
| 998 |
f |
f |
|a TA333
|t 0
|l Available Online
|